Printed Epemera: The changing uses of type & letterform in English & Am. printing (Record no. 2528)
[ view plain ]
| 000 -LEADER | |
|---|---|
| fixed length control field | 00327nam a22000977a 4500 |
| 008 - FIXED-LENGTH DATA ELEMENTS--GENERAL INFORMATION | |
| fixed length control field | 171023b xxu||||| |||| 00| 0 eng d |
| 100 ## - MAIN ENTRY--AUTHOR'S NAME | |
| Author's Name | Lewis, John |
| 245 ## - TITLE STATEMENT | |
| Title | Printed Epemera: The changing uses of type & letterform in English & Am. printing |
| 260 ## - PUBLICATION, DISTRIBUTION, ETC. (IMPRINT) | |
| Place of publication, distribution, etc. | New York |
| Name of publisher, distributor, etc. | Dover Publications |
| Date of publication, distribution, etc. | 1962 |
| 650 ## - TOPICAL TERM (Tag) | |
| Topical term or geographic name | printing; letterforms; type |
| Withdrawn status | Lost status | Source of classification or shelving scheme | Damaged status | Koha normalized classification for sorting | Not for loan | Permanent Location | Current Location | Shelving location | Date acquired | Total Checkouts | Full call number | Barcode | Date last seen | Copy number | Price effective from | Koha item type |
|---|---|---|---|---|---|---|---|---|---|---|---|---|---|---|---|---|
| G3200 A11 L6731 | Northern Philatelic Library | Northern Philatelic Library | General Stacks | 10/23/2017 | G3200 A11 L6731 | 1002786 | 10/23/2017 | 1 | 10/23/2017 | Books |